AC Milan Squad 2025-2026 - Statistics

General Stats
  • This quiz has been taken 587 times
    285 since last reset
  • The average score is 19 of 24
Answer Stats
# Position Nation Player % Correct
11 FW United States Christian Pulisic
97%
14 MF Croatia Luka Modrić
97%
16 GK France Mike Maignan
97%
10 FW Portugal Rafael Leão
97%
23 DF England Fikayo Tomori
90%
31 DF Serbia Strahinja Pavlović
90%
9 FW Germany Niclas Füllkrug
89%
2 DF Ecuador Pervis Estupiñán
89%
7 FW Mexico Santiago Giménez
86%
12 MF France Adrien Rabiot
85%
46 DF Italy Matteo Gabbia
84%
8 MF England Ruben Loftus-Cheek
83%
- Coach Italy Massimiliano Allegri
82%
19 MF France Youssouf Fofana
82%
18 FW France Christopher Nkunku
79%
5 DF Belgium Koni De Winter
79%
56 FW Belgium Alexis Saelemaekers
73%
4 MF Italy Samuele Ricci
72%
33 DF Italy Davide Bartesaghi
70%
30 MF Switzerland Ardon Jashari
68%
1 GK Italy Pietro Terracciano
65%
24 DF Switzerland Zachary Athekame
64%
96 GK Italy Lorenzo Torriani
55%
27 DF Germany David Odogu
49%
No matching quizzes found
Score Distribution
Percent of People with Each Score
Percentile by Number Answered
Your Score History
You have not taken this quiz since the last reset